| 000 | 00941pam a2200289 i 4500 | ||
|---|---|---|---|
| 001 | 3210810 | ||
| 005 | 20170529095149.0 | ||
| 008 | 781218s1980 nyua b 001 0 eng | ||
| 010 | _a 78027876 | ||
| 020 | _a0070651760 | ||
| 040 |
_aDLC _cDLC _dDLC |
||
| 050 | 0 | 0 |
_aTP156.M3 _bT7 1980 |
| 082 | 0 | 0 |
_222 _a660.28422 _bTRE |
| 100 | 1 |
_aTreybal, Robert Ewald, _d1915- _99368 |
|
| 245 | 1 | 0 |
_aMass-Transfer Operations / _cRobert E. Treybal. |
| 250 | _a3rd ed. | ||
| 260 |
_aNew York : _bMcGraw-Hill, _cc1980. |
||
| 300 |
_axiv, 784 p. : _bill. ; _c25 cm. |
||
| 490 | 0 | _aMcGraw-Hill chemical engineering series | |
| 500 | _aIncludes index | ||
| 504 | _aIncludes bibliographical references and index. | ||
| 650 | 0 |
_aChemical engineering. _99369 _2BUEsh |
|
| 650 | 0 |
_aMass transfer. _99370 _2BUEsh |
|
| 651 | _2BUEsh | ||
| 856 | 4 | 1 |
_3Table of contents _uhttp://www.loc.gov/catdir/toc/mh021/78027876.html |
| 942 |
_2ddc _cBB _e22 _k660.28422 TRE |
||
| 999 |
_c12914 _d12914 |
||